Antecedentes parlamentarios : Ley 24.830 Responsabilidad de los tutores, curadores y propietarios de establecimientos educativos
Guardado en:
| Formato: | Seriadas |
|---|---|
| Idioma: | Spanish |
| Publicado: |
Buenos Aires :
La Ley,
1997
|
| Etiquetas: |
Agregar Etiqueta
Sin Etiquetas, Sea el primero en etiquetar este registro!
|
| LEADER | 00421nas a22001215a 4500 | ||
|---|---|---|---|
| 001 | DER.der002566 | ||
| 005 | 20061103000000.0 | ||
| 008 | 180615s1997####||||||||||||||||||||spa|| | ||
| 245 | 1 | 0 | |a Antecedentes parlamentarios : |b Ley 24.830 Responsabilidad de los tutores, curadores y propietarios de establecimientos educativos |
| 260 | |a Buenos Aires : |b La Ley, |c 1997 | ||
| 300 | 0 | |a . | |
| 500 | 0 | |a Año 1997 N§8 | |
| 859 | |a DERECHO |b BIB. DERECHO |p 004646 | ||
